00728nam a2200241Ia 4500008004100000041001200041082001200053082001100065100001500076100001700091100001100108245010300119260001000222260002600232260000900258300001500267365002500282440001400307650001300321942000700334999001900341952012600360150909s9999 xx 000 0 und d aEnglish a 634 .9 bHAL/DI aHall J B  aSwaine M D  eAuthor aDistribution and ecology of vascular plants in a tropical rain forest : forest vegetation in Ghana aHague bDr W Junk PUblishers c1981 a383 Pages aFL .225  aGeobotony aForestry cBK c232613d232613 00104070aKAUCOAbKAUCOAd2015-09-16g0.00l0o 634 .9 HAL/DIpKAU-COA-15690 r2015-09-16 00:00:00w2015-09-16yBK